000 00815nam a22002297a 4500
999 _c3524
_d3524
003 AR-CdUCM
008 190306b ||||| |||| 00| 0 spa d
020 _a84-7426-077-9
040 _aMUNICIPALIDAD PROVINCIAL DEL CUSCO
_cBIBLIOTECA MUNICIPAL DEL CUSCO
041 _heng
082 _a868.31 /
_bB919
100 _aBuchner, Georg
_911551
245 _aLa muerte de Danton Drama :
_bEl mensajero rural de Hessen y una selección de cartas /
260 _aBarcelona :
_bBosch,
_c1982.
300 _a207 páginas ;
_c20 cm.
505 _aContenido: El marco general de la época de la restauración en Alemania -- La situación en Hessen-Darmstadt -- La vida y obra de Georg Buchner...
650 _aCartas
_9213
650 _aMuerte
_92924
650 _aAlemania
_91327
942 _2ddc
_cLIBROS
945 _adavv